000 00982cab a2200193 4500
001 ##L131823
008 051212n2005 000 0 eng u
035 _a(Sirsi) u131823
041 _aeng
100 1 _aPilkington, Lisa
245 0 0 _aFocus: West Midlands update
260 _c2005
490 _aEstates Gazette
_v(548) 3 December 2005, 89-101(7)
520 _a Covers the tough conditions in the regional retail market but highlights the opening of major new shopping centres in Coventry and Nuneaton. Looks at the Birmingham office market with its problems of short-term supply and present concentration on refurbishments and by contrast the M42 corridor where low demand and massive oversupply prevails. Reports on the healthy industrial market with fierce competition for sites, escalating land values and warnings of overheating.
590 _aIKA030106
690 _aPROPERTY-COMMERCIAL PROPERTY-COMMERCIAL PROPERTY MARKET
700 1 _aHalstead, Ian
942 _n0
999 _c76281
_d76281